| 000 | 00503nam a22001937a 4500 | ||
|---|---|---|---|
| 999 |
_c11169 _d11169 |
||
| 003 | OSt | ||
| 008 | 220420b ||||| |||| 00| 0 eng d | ||
| 020 | _a9788177588507 | ||
| 082 | _a659.1 BAA | ||
| 100 | _aBATRA, Rajeev & Others | ||
| 245 | _aAdvertising Management | ||
| 250 | _a5th Edition | ||
| 260 |
_aDelhi _bPearsons Education in south Asia _c2009 |
||
| 300 | _a768 | ||
| 650 | _aAdvertising Management Commerce | ||
| 700 | _aMYERS, John G. | ||
| 700 | _aAAKER, David A. | ||
| 942 |
_2ddc _cBK |
||